000 00478 a2200169 4500
003 OSt
005 20231220134924.0
008 231220b |||||||| |||| 00| 0 eng d
020 _a9789389563856
040 _coclc
082 _a891.431
_bKHE/K
100 _aKhetan, Prabha
_9291
245 _aKRISHNADHARMA MAIN /
_cPrabha Khetan
260 _aNew Delhi:
_bVani Prakashan,
_c2020.
300 _a48p
942 _2ddc
_cBK
_h891.431
_iKHE/K
_k891.431
_mKHE/K
999 _c43514
_d43514